Online
Catalog

Papillón / (Record no. 4538)

MARC details
000 -CABECERA
campo de control de longitud fija 00742cam a2200205u 4500
001 - NÚMERO DE CONTROL
campo de control 000004732
005 - FECHA Y HORA DE LA ÚLTIMA TRANSACCIÓN
campo de control 20200929151507.0
008 - DATOS DE LONGITUD FIJA--INFORMACIÓN GENERAL
campo de control de longitud fija 840106s1970 sp a 000 0 spa
040 ## - FUENTE DE LA CATALOGACIÓN
Centro catalogador/agencia de origen DO-SdBNP
Centro/agencia transcriptor CarP
Centro/agencia modificador DLC
-- BNPHU
082 ## - NÚMERO DE LA CLASIFICACIÓN DECIMAL DEWEY
Número de clasificación 923.41
Número de documento/Ítem C485p
100 1# - ENTRADA PRINCIPAL--NOMBRE DE PERSONA
Nombre de persona Charriere, Henri,
Fechas asociadas al nombre 1906-1973
9 (RLIN) 13765
245 10 - MENCIÓN DE TÍTULO
Título Papillón /
Mención de responsabilidad, etc. Henri Charrière ; traducción Domingo Pruna , Vicente Villacampa.
260 ## - PUBLICACIÓN, DISTRIBUCIÓN, ETC.
Lugar de publicación, distribución, etc. Barcelona :
Nombre del editor, distribuidor, etc. Plaza & Janes,
Fecha de publicación, distribución, etc. 1970.
300 ## - DESCRIPCIÓN FÍSICA
Extensión 605 p. ;
Dimensiones 20 cm.
600 14 - PUNTO DE ACCESO ADICIONAL DE MATERIA--NOMBRE DE PERSONA
Nombre de persona CHARRIERE, HENRI (PAPILLÓN),
Fechas asociadas al nombre 1906-1973
Subdivisión general BIOGRAFÍ
9 (RLIN) 13766
650 #4 - PUNTO DE ACCESO ADICIONAL DE MATERIA--TÉRMINO DE MATERIA
Término de materia o nombre geográfico como elemento de entrada Prisioneros
Subdivisión geográfica Frances De Guayana
Subdivisión general Biografía
9 (RLIN) 13767
700 1# - PUNTO DE ACCESO ADICIONAL--NOMBRE DE PERSONA
Nombre de persona Pruna, Domigno,
Término indicativo de función/relación tr.
9 (RLIN) 13768
700 1# - PUNTO DE ACCESO ADICIONAL--NOMBRE DE PERSONA
Nombre de persona Villacampa, Vicente,
Término indicativo de función/relación tr.
9 (RLIN) 13769
910 ## - DATOS DE OPCIÓN DEL USUARIO (OCLC)
Datos de opción del usuario Catalogación por copia / LC
Holdings
Estado de retiro Estado de pérdida Restricciones de uso No para préstamo Código de colección Localización permanente Ubicación/localización actual Ubicación en estantería Fecha de adquisición Número de inventario Total de préstamos Signatura topográfica completa Código de barras Fecha visto por última vez Precio válido a partir de Tipo de ítem Koha
    Préstamo interno   Monografías: Libros y Folletos General General En catalogación 25.07.2009 LF1   923.41 C485p 4732-10 25.06.2020 25.06.2020 Préstamo interno

Powered by Koha